Little women / (Record no. 115480)
[ view plain ]
| 000 -LEADER | |
|---|---|
| fixed length control field | 00401nam a22001697a 4500 |
| 003 - CONTROL NUMBER IDENTIFIER | |
| control field | OSt |
| 005 - DATE AND TIME OF LATEST TRANSACTION | |
| control field | 20140424111003.0 |
| 008 - FIXED-LENGTH DATA ELEMENTS--GENERAL INFORMATION | |
| fixed length control field | 130725t xxu||||| |||| 00| 0 eng d |
| 050 ## - LIBRARY OF CONGRESS CALL NUMBER | |
| Classification number | PZ 7 |
| Item number | .Al355 1977 |
| 082 ## - DEWEY DECIMAL CLASSIFICATION NUMBER | |
| Classification number | KF |
| Item number | Al1o |
| 100 ## - MAIN ENTRY--PERSONAL NAME | |
| Personal name | Alcott, Louisa M. |
| 245 ## - TITLE STATEMENT | |
| Title | Little women / |
| Statement of responsibility, etc | Louisa M. Alcott. |
| 300 ## - PHYSICAL DESCRIPTION | |
| Extent | 57 p. ; 2 |
| Dimensions | 0 cm. |
| 562 ## - COPY AND VERSION IDENTIFICATION NOTE | |
| Number of copies | 2 |
| 942 ## - ADDED ENTRY ELEMENTS (KOHA) | |
| Source of classification or shelving scheme | Library of Congress Classification |
| Koha item type | Books |
| Withdrawn status | Lost status | Source of classification or shelving scheme | Damaged status | Home library | Current library | Shelving location | Date acquired | Sub Shelving location | Total Checkouts | Full call number | Barcode | Date last seen | Copy number | Price effective from | Koha item type |
|---|---|---|---|---|---|---|---|---|---|---|---|---|---|---|---|
| Library of Congress Classification | Luxembourg Library | Luxembourg Library | Kids Fiction Section | 04/24/2014 | PZ 7 .Al355 1977 | 9767 | 04/24/2014 | 1 | 04/24/2014 | Books |